00360nam a2200133Ia 450000500170000000800410001702000150005808200190007310000150009224500570010726000410016430000110020565000100021620241218054352.0240331s9999 xx 000 0 und d a9559102052 bDEL25740a305 aBrohier, D 0aAlice De Boer and some pioneer Burgher women doctors bSocial Scientists' Associationc1994 a56 p., aWomen